000 00368nas a2200157 a 4500
001 48618
003 118508
005 20201118102416.0
008 ||||||n9999 ||| || ||
041 _aspa
245 0 _aCoyuntura Económica - Vol.9 No.5
260 _aBogotá :
_bFEDES,
_c1979.
562 _e1
773 _017193
_aCoyuntura Económica
942 _cSISS
999 _c48618
_d48618